| 000 | 00364 a2200157 4500 | ||
|---|---|---|---|
| 001 | 47274 | ||
| 020 | _a9788540501898 (broch.) | ||
| 040 | _cAnchieta - Aquarius | ||
| 100 | _aVarella, Flávia | ||
| 240 | 1 | 0 |
_aCric crec pi ploft! _lpor |
| 245 | 1 | 0 | _aCric crec pi ploft! |
| 300 | _a48p. | ||
| 362 | 0 | _a2012 | |
| 650 | 4 | _aLiteratura infanto-juvenil | |
| 942 | _cBK | ||
| 999 |
_c47274 _d47274 |
||